| 000 | 01126cam a2200301 i 4500 | ||
|---|---|---|---|
| 003 | DO-SdBNP | ||
| 005 | 20231004135538.0 | ||
| 007 | ta | ||
| 008 | 751003s2017 ag a 001 f spa d | ||
| 020 | _a9788494674402 | ||
| 040 |
_aDO-SdBNP _bspa _cBNPHU _erda |
||
| 082 | 4 |
_bC754 _222 |
|
| 100 |
_aConrad, Joseph, _d1857-1924 _939877 |
||
| 240 | 1 | 0 |
_aHeart of darkness / _lEspañol |
| 245 | 1 | 3 |
_aEl corazón de las tinieblas / _cJoseph Conrad ; traducción y prólogo Sergio Pitol ; ilustraciones Enrique Breccia |
| 264 | 1 |
_a[Argentina] : _bLibros del zorro rojo, _c2017. |
|
| 300 |
_a138 páginas _bilustraciones _c24 cm. |
||
| 336 |
_2rdacontent _atexto _btxt |
||
| 337 |
_2rdamedia _asin mediación _bn |
||
| 338 |
_2rdacarrier _avolumen _bnc |
||
| 500 | _aIncluye datos biográficos del autor en la solapa de la portada. | ||
| 500 | _aIncluye datos biográficos del traductor en la solapa de la contraportada. | ||
| 590 | _aInventariado, 2023/ YL | ||
| 700 | 1 |
_aPitol, Sergio _etraducción y prólogo _984360 |
|
| 700 | 1 |
_aBreccia, Enrique _eilustraciones _984364 _d1945- |
|
| 910 | _aYlockward | ||
| 942 |
_2ddc _cLBS1 |
||
| 999 |
_c55067 _d55067 |
||